000 00269nam a2200121Ia 4500
008 190216s9999||||xx |||||||||||||| ||und||
100 _aRamabhadran S
245 0 _aBasic Electronics
260 _bKhanna Pub
_c1988
300 _a445p
650 _aPhysics
942 _cBK
999 _c33257
_d33257